| 000 | 00778nam a22002417a 4500 | ||
|---|---|---|---|
| 003 | 0 | ||
| 005 | 20180703104915.0 | ||
| 008 | 0 | ||
| 010 | _aB-092609, B-92611 | ||
| 020 |
_c700.00 _a8188583103 |
||
| 035 | _aB-092609 | ||
| 037 | _bCen Lib/Ret | ||
| 040 |
_aDPL _bEN _c0 |
||
| 082 |
_a880.8 _bREF |
||
| 110 |
_aNew Delhi.Reference Press _998437 |
||
| 245 |
_aReference manual : for competitive examinations : _bNET(UGC), SLET,JRF,UPSC and other tests : history / |
||
| 260 |
_aNew Delhi _bReference Press _c2003 |
||
| 270 |
_bNew Delhi _a4831/24, Ansari Road, Darya Ganj _e110002 |
||
| 300 |
_aviii,454p. _c20cm(Hb) |
||
| 650 |
_aExamination guide -- NET,SLET and JRF _998438 |
||
| 650 |
_aExam guide -- history _998439 |
||
| 942 |
_2ddc _cEN _h880.8 _mREF |
||
| 999 |
_c135779 _d135779 |
||